000 00733nab a22002297a 4500
001 07617
003 HDC
007 cr bn ---aaaaa
008 210128c20141010my ||||| |||| 00| 0 may d
040 _aHDC
245 0 _aKeupayaan Malaysia diakui pelabur asing
336 _atext
_2rdacontent
337 _acomputer
_2rdamedia
338 _aonline resource
_2rdacarrier
650 _aInvestments
_xDeveloping countries
_98145
650 _aInvestments
_zMalaysia
_94503
710 _aBerita Harian
856 _zRequest full-text at [email protected]
942 _2lcc
942 _cNEWS
942 _kNWSC 002024
999 _c4940
_d4940